| 000 -LEADER |
| fixed length control field |
00737cam a2200229 a 4500 |
| 020 ## - INTERNATIONAL STANDARD BOOK NUMBER |
| ISBN |
0314029052 (alk. paper) |
| 020 ## - INTERNATIONAL STANDARD BOOK NUMBER |
| ISBN |
0314036679 (student ed. : alk. paper) |
| 020 ## - INTERNATIONAL STANDARD BOOK NUMBER |
| ISBN |
0314030255 (teacher's wraparound ed : alk. paper) |
| 040 ## - CATALOGING SOURCE |
| Transcribing agency |
DLC |
| 082 00 - DEWEY DECIMAL CLASSIFICATION NUMBER |
| Classification number |
910 WES 1995 A101 Or. |
| 100 1# - MAIN ENTRY--AUTHOR NAME |
| Personal name |
English, Paul Ward. |
| 245 10 - TITLE STATEMENT |
| Title |
Geography : |
| Remainder of title |
people and places in a changing world / |
| 250 ## - EDITION STATEMENT |
| Edition statement |
2nd ed. |
| 260 ## - PUBLICATION, DISTRIBUTION, ETC. (IMPRINT) |
| Place of publication |
St. Paul : |
| Name of publisher |
West Pub. Co., |
| Year of publication |
c1995. |
| 300 ## - PHYSICAL DESCRIPTION |
| Number of Pages |
A-15, xxxii, 750 p. : |
| Other physical details |
ill. (some col.), col. maps ; |
| Dimensions |
29 cm. |
| 500 ## - GENERAL NOTE |
| General note |
"Texas teacher's wraparound edition." |
| 500 ## - GENERAL NOTE |
| General note |
Includes index. |
| 650 #0 - SUBJECT ADDED ENTRY--TOPICAL TERM |
| Topical Term |
Geography. |
| 700 1# - ADDED ENTRY--PERSONAL NAME |
| Personal name |
Robinson, Brian S. |
| 700 1# - ADDED ENTRY--PERSONAL NAME |
| Personal name |
Priest, Quinton Gwynne. |
| 942 ## - ADDED ENTRY ELEMENTS (KOHA) |
| Koha item type |
សៀវភៅភាសាអង់គ្លេស |
| 952 ## - LOCATION AND ITEM INFORMATION (KOHA) |
| Withdrawn status [LOCAL, KOHA] |
0 |